000 01391nam2a2200349 4500
001 RU\NLR\bibl\224402
005 20250619105011.0
010 _a5-7801-0154-X
021 _aRU
_b2001-36471
_91735
035 _a(NLR Aleph) 000220433
090 _a1281144
_c1281144
100 _a20011217d2001 |||y0rusy50 ca
101 0 _arus
102 _aRU
105 _aa |||||||||
200 0 _aТ. 1
210 _d2001
_aБ. м.
215 _a119,[1] с.
_cил.
461 0 _1001RU\NLR\bibl\264165
_12001#$aЭлектрические аппараты высокого напряжения$vТ. 1
_91517280
_cМ.
_d2001
_fИн-т пром. развития Информэлектро
_nИнформэлектро
_oВыключатели : Справ.
_tЭлектрические аппараты высокого напряжения
_vТ. 1
606 0 _aЭлектрические выключатели высокого напряжения
_jСправочники
_92010304
_3RU\NLR\auth\661209429
610 0 _aВыключатели высоковольтные
675 _a621.316.54.027.3(085.2)
_v3
_zrus
686 _a44
_2rugasnti
686 _a31.264
_2rubbk
686 _aЗ264.222я22
801 0 _aRU
_bRKP
_c20011217
_gPSBO
801 1 _aRU
_bRKP
_c20011217
801 2 _aRU
_bNLR
_c20020523
_grcr
852 _aNLR
_jПт 20.4/406
942 _cBOOK
980 _aNB